Tout les match - France 2018 - World Cup - Statistiques

Statistiques générales
  • Ce quiz a été pris 134 fois
  • Le résultat moyen est 6 sur 7
Statistiques - réponses
Equipe % Correct
Croatie
99%
Argentine
98%
Belgique
96%
Australie
87%
Uruguay
84%
Danemark
83%
Pérou
70%
Aucun quiz correspondant
Distribution des résultats
% des personnes avec chaque résultat
Percentile par nombre de réponses
Votre historique - résultats
Vous n’avez pas pris ce quiz